00529cam a2200169ua 45000010005000000080039000050200018000440400009000620410008000710820010000791000024000892450175001132500009002882600028002973000014003256530020003397255141205n ii |||gr||||Z||||||eng a9788192130729 cMAIN aeng a338.9 aDas, P.S.,eEditor.1 aProceeding of the UGC sponsored national seminar on micro economic enterprise buildung mechnism to empowerment of women in Indian scenariocEdited by Purnendu Shekhar Das a1st. aTinsukia:bIQAC,c2011. axiv,336p. aMicro economics